000
00280nam a22001217a 4500
040
_c
SY
082
_a
025
100
_a
ហ៊ីង សាលីន
245
_a
ហិរញ្ញវត្ថុជនបទ
260
_a
RUA
_b
ហ៊ីង
_c
2005
300
_a
139p.
942
_c
KB
999
_c
9072
_d
9072